Machining and machine tools (Record no. 187485)

000 -LEADER
fixed length control field 00361nam a2200133Ia 4500
008 - FIXED-LENGTH DATA ELEMENTS--GENERAL INFORMATION
fixed length control field 220217s9999||||xx |||||||||||||| ||und||
020 ## - INTERNATIONAL STANDARD BOOK NUMBER
International Standard Book Number 9788126530984
082 ## - DEWEY DECIMAL CLASSIFICATION NUMBER
Classification number 621.815 CHA
100 ## - MAIN ENTRY--PERSONAL NAME
Personal name Chattopadhyay A.B
245 #0 - TITLE STATEMENT
Title Machining and machine tools
260 ## - PUBLICATION, DISTRIBUTION, ETC.
Place of publication, distribution, etc. Wiley india
Name of publisher, distributor, etc. New Delhi
Date of publication, distribution, etc. 2017
300 ## - PHYSICAL DESCRIPTION
Extent XXIV, 802p.
Other physical details 639
650 ## - SUBJECT ADDED ENTRY--TOPICAL TERM
Topical term or geographic name entry element MACHINE TOOLS
Holdings
Withdrawn status Lost status Damaged status Not for loan Collection code Home library Current library Shelving location Date acquired Full call number Barcode Date last seen Price effective from Koha item type
        Mechanical Engineering Central Library Central Library Reference 02/18/2022 621.815 CHA 22674 02/18/2022 02/18/2022 Books

Powered by Koha